[Event "SVK-chT1E 2122"]
[Site "Slovakia"]
[Date "2022.01.30"]
[Round "2.2"]
[White "Straka, Jozef1111"]
[Black "Vacek, Ondrej"]
[Result "1/2-1/2"]
[WhiteElo "2330"]
[BlackElo "2167"]
[PlyCount "29"]
[EventDate "2022.01.29"]
[EventType "team-tourn"]
[EventRounds "11"]
[EventCountry "SVK"]
[SourceTitle "EXT 2023"]
[Source "ChessBase"]
[SourceDate "2022.10.05"]
[SourceVersion "1"]
[SourceVersionDate "2022.10.05"]
[SourceQuality "1"]
[WhiteTeam "Cadca"]
[BlackTeam "Zvolen Slavia"]
[WhiteTeamCountry "SVK"]
[BlackTeamCountry "SVK"]

1. d4 d5 2. c4 c6 3. Nf3 Nf6 4. e3 a6 5. Bd2 g6 6. Bd3 Bg7 7. 0-0 0-0 8. a4 a5 9. cxd5 Nxd5 10. Na3 Na6 11. Nc2 Qb6 12. Qe2 Nab4 13. Nxb4 Nxb4 14. Bxb4 Qxb4 15. Rfc1 1/2-1/2

[Event "SVK-chT2C 1920"]
[Site "Slovakia"]
[Date "2019.10.27"]
[Round "2.2"]
[White "Vyparina, Matej"]
[Black "Vacek, Ondrej"]
[Result "1/2-1/2"]
[WhiteElo "2233"]
[BlackElo "2136"]
[PlyCount "22"]
[EventDate "2019.10.26"]
[EventType "team-tourn"]
[EventRounds "11"]
[EventCountry "SVK"]
[SourceTitle "CBM 193 Extra"]
[Source "ChessBase"]
[SourceDate "2020.01.31"]
[SourceVersion "1"]
[SourceVersionDate "2020.01.31"]
[SourceQuality "1"]
[WhiteTeam "Zilina Mladost III"]
[BlackTeam "Zvolen Slavia"]
[WhiteTeamCountry "SVK"]
[BlackTeamCountry "SVK"]

1. e4 d5 2. Nc3 c6 3. Nf3 a6 4. d4 Bg4 5. h3 Bh5 6. g4 Bg6 7. exd5 cxd5 8. Ne5 Nc6 9. Nxc6 bxc6 10. h4 h5 11. Be2 hxg4 1/2-1/2

[Event "SVK-chT2C 1920"]
[Site "Slovakia"]
[Date "2019.10.26"]
[Round "1.2"]
[White "Vacek, Ondrej"]
[Black "Kopera, Michal"]
[Result "1/2-1/2"]
[WhiteElo "2136"]
[BlackElo "2149"]
[PlyCount "75"]
[EventDate "2019.10.26"]
[EventType "team-tourn"]
[EventRounds "11"]
[EventCountry "SVK"]
[SourceTitle "CBM 193 Extra"]
[Source "ChessBase"]
[SourceDate "2020.01.31"]
[SourceVersion "1"]
[SourceVersionDate "2020.01.31"]
[SourceQuality "1"]
[WhiteTeam "Zvolen Slavia"]
[BlackTeam "Zilina Mladost II"]
[WhiteTeamCountry "SVK"]
[BlackTeamCountry "SVK"]

1. Nf3 Nf6 2. c4 c5 3. Nc3 Nc6 4. d4 cxd4 5. Nxd4 g6 6. e4 d6 7. Be3 Bg7 8. Be2 0-0 9. 0-0 Bd7 10. Qd2 Ng4 11. Bxg4 Bxg4 12. f4 Bd7 13. Kh1 Qc8 14. b3 Nxd4 15. Bxd4 Bxd4 16. Qxd4 Qc5 17. Qd2 Bc6 18. f5 Kg7 19. Nd5 Bxd5 20. exd5 f6 21. Rf3 gxf5 22. Re1 Rf7 23. Qf4 Rg8 24. Qxf5 Kh8 25. Rfe3 Qc7 26. g3 a6 27. Qh5 Rfg7 28. Qe2 Re8 29. Re6 Rf7 30. Qh5 Ref8 31. Qh6 Qd8 32. a4 Rg8 33. Qe3 Re8 34. Qc3 b6 35. R1e3 a5 36. Qd4 Rg8 37. Qe4 Rgg7 38. Qh4 1/2-1/2

[Event "SVK-ch op"]
[Site "Ruzomberok"]
[Date "2019.07.05"]
[Round "7"]
[White "Vacek, Ondrej"]
[Black "Bartek, Ladislav"]
[Result "1/2-1/2"]
[WhiteElo "2125"]
[BlackElo "2042"]
[PlyCount "67"]
[EventDate "2019.06.29"]
[EventType "swiss"]
[EventRounds "9"]
[EventCountry "SVK"]
[SourceTitle "CBM 191 Extra"]
[Source "ChessBase"]
[SourceDate "2019.09.30"]
[SourceVersion "1"]
[SourceVersionDate "2019.09.30"]
[SourceQuality "1"]

1. Nf3 Nf6 2. c4 g6 3. Nc3 Bg7 4. e4 d6 5. d4 0-0 6. Be2 e5 7. Be3 Nc6 8. d5 Ne7 9. Nd2 Nd7 10. Rc1 f5 11. f3 fxe4 12. fxe4 c5 13. Nf3 Nf6 14. Ng5 h6 15. Ne6 Bxe6 16. dxe6 Nc6 17. 0-0 Nd4 18. Nd5 Nxe6 19. Nxf6+ Rxf6 20. Qd5 Kh7 21. Rxf6 Qxf6 22. Qxb7 Nf4 23. Bf3 Rf8 24. Rd1 Nh3+ 25. Kh1 Rf7 26. Qc8 Ng5 27. Bxg5 Qxg5 28. Qe6 Rf6 29. Qd5 Qe3 30. Qd3 Qxd3 31. Rxd3 h5 32. Kg1 Bh6 33. h3 Bc1 34. Rb3 1/2-1/2

[Event "SVK-ch op"]
[Site "Ruzomberok"]
[Date "2019.07.01"]
[Round "3"]
[White "Zvarik, Martin"]
[Black "Vacek, Ondrej"]
[Result "1/2-1/2"]
[WhiteElo "2308"]
[BlackElo "2125"]
[PlyCount "47"]
[EventDate "2019.06.29"]
[EventType "swiss"]
[EventRounds "9"]
[EventCountry "SVK"]
[SourceTitle "CBM 191 Extra"]
[Source "ChessBase"]
[SourceDate "2019.09.30"]
[SourceVersion "1"]
[SourceVersionDate "2019.09.30"]
[SourceQuality "1"]

1. e4 d5 2. exd5 Qxd5 3. Nf3 Nf6 4. Nc3 Qd8 5. Be2 c6 6. b4 a6 7. 0-0 Bg4 8. h3 Bh5 9. a3 e6 10. Ne5 Bxe2 11. Nxe2 Be7 12. d4 0-0 13. Qd3 Nbd7 14. f4 a5 15. Bd2 axb4 16. axb4 Qc7 17. Qf3 Rfd8 18. Nd3 g6 19. Rfd1 Nb6 20. Ne5 Rxa1 21. Rxa1 Ra8 22. Rxa8+ Nxa8 23. c4 Nb6 24. Qb3 1/2-1/2

[Event "SVK-chT2C 1819"]
[Site "Slovakia"]
[Date "2019.04.07"]
[Round "11.2"]
[White "Hros, Roman"]
[Black "Vacek, Ondrej"]
[Result "1-0"]
[WhiteElo "2195"]
[BlackElo "2136"]
[PlyCount "129"]
[EventDate "2018.10.13"]
[EventType "team-tourn"]
[EventRounds "11"]
[EventCountry "SVK"]
[SourceTitle "EXT 2020"]
[Source "ChessBase"]
[SourceDate "2019.10.17"]
[SourceVersion "1"]
[SourceVersionDate "2019.10.17"]
[SourceQuality "1"]
[WhiteTeam "Liptov Chess School III"]
[BlackTeam "Zvolen Slavia"]
[WhiteTeamCountry "SVK"]
[BlackTeamCountry "SVK"]

1. c4 e5 2. Nc3 Nc6 3. e3 Nf6 4. Qc2 Be7 5. a3 a5 6. Nf3 d6 7. Be2 h6 8. 0-0 0-0 9. b3 Re8 10. Bb2 Bf8 11. Rac1 Bg4 12. d3 Kh8 13. Rfe1 Kg8 14. Nd5 Bf5 15. Nd2 Rc8 16. Qc3 b6 17. b4 axb4 18. axb4 Nxd5 19. cxd5 Ne7 20. e4 Bd7 21. d4 Ng6 22. Ba6 Ra8 23. Bb7 Ra2 24. Ra1 Rxa1 25. Bxa1 Qb8 26. Bc6 exd4 27. Qc1 Bxc6 28. Qxc6 d3 29. Qb5 Be7 30. Qxd3 Qb7 31. g3 Ra8 32. f4 Ra2 33. Bc3 Qa7 34. Nf3 Ra3 35. Qd4 f6 36. Ra1 Rxa1+ 37. Bxa1 Qa2 38. Nd2 Kf7 39. Bc3 Bd8 40. Qc4 Qc2 41. e5 Qd1+ 42. Kg2 fxe5 43. Qe4 Qg4 44. fxe5 Qxe4+ 45. Nxe4 dxe5 46. Kf3 Bf6 47. Nd2 Ke7 48. Ke4 Kd7 49. Nc4 b5 50. Nxe5+ Nxe5 51. Bxe5 Bxe5 52. Kxe5 h5 53. Kd4 Kd6 54. h3 g5 55. g4 hxg4 56. hxg4 c6 57. dxc6 Kxc6 58. Ke5 Kc7 59. Kd5 Kb6 60. Kd6 Kb7 61. Kc5 Ka6 62. Kc6 Ka7 63. Kxb5 Kb7 64. Kc5 Kc7 65. Kd5 1-0

[Event "SVK-chT2C 1718"]
[Site "Slovakia"]
[Date "2018.02.25"]
[Round "9.1"]
[White "Buchnicek, Petr"]
[Black "Vacek, Ondrej"]
[Result "1-0"]
[WhiteElo "2327"]
[BlackElo "2108"]
[PlyCount "103"]
[EventDate "2017.10.28"]
[EventType "team-tourn"]
[EventRounds "11"]
[EventCountry "SVK"]
[SourceTitle "EXT 2019"]
[Source "ChessBase"]
[SourceDate "2018.10.10"]
[SourceVersion "1"]
[SourceVersionDate "2018.10.10"]
[SourceQuality "1"]
[WhiteTeam "Rajecke Teplice"]
[BlackTeam "Zvolen Slavia"]
[WhiteTeamCountry "SVK"]
[BlackTeamCountry "SVK"]

1. e4 d5 2. exd5 Qxd5 3. Nc3 Qd8 4. d4 Nf6 5. h3 a6 6. Nf3 e6 7. Bd3 Nbd7 8. Qe2 Be7 9. 0-0 0-0 10. a4 b6 11. b3 Bb7 12. Bb2 c5 13. Ne4 Nxe4 14. Bxe4 Bxe4 15. Qxe4 Nf6 16. Qe2 Qc7 17. dxc5 Qxc5 18. Bd4 Qc7 19. Rad1 Qb7 20. Ne5 Bc5 21. Bb2 Qe4 22. Qxe4 Nxe4 23. Nd7 Rfc8 24. Nxc5 Rxc5 25. c4 Rc6 26. Rd3 Nc5 27. Rg3 g6 28. Rd1 a5 29. Kf1 Kf8 30. Rf3 Ke8 31. Bf6 Ne4 32. Be5 Nc5 33. Ke2 f5 34. Re3 Rd8 35. Rxd8+ Kxd8 36. Kd1 Ke7 37. Kc2 Nd7 38. Bf4 Kf6 39. Rd3 Nc5 40. Rd6 Rxd6 41. Bxd6 Nd7 42. b4 axb4 43. Kb3 e5 44. Kxb4 Ke6 45. Bc7 f4 46. Kb5 g5 47. c5 Nxc5 48. Bxb6 Nb7 49. Kc6 Nd6 50. a5 Nf5 51. a6 Nd4+ 52. Kb7 1-0

[Event "SVK-chT2C 1314"]
[Site "Slovakia"]
[Date "2014.01.11"]
[Round "5.1"]
[White "Vacek, Ondrej"]
[Black "Urhegyi, Marton"]
[Result "1/2-1/2"]
[WhiteElo "2119"]
[BlackElo "2105"]
[PlyCount "44"]
[EventDate "2013.10.19"]
[EventType "team-tourn"]
[EventRounds "11"]
[EventCountry "SVK"]
[SourceTitle "EXT 2015"]
[Source "ChessBase"]
[SourceDate "2014.11.20"]
[SourceVersion "1"]
[SourceVersionDate "2014.11.20"]
[SourceQuality "1"]
[WhiteTeam "Zvolen Slavia"]
[BlackTeam "Cebovce"]
[WhiteTeamCountry "SVK"]
[BlackTeamCountry "SVK"]

1. Nf3 Nf6 2. c4 e6 3. g3 d5 4. Bg2 g6 5. 0-0 Bg7 6. d4 0-0 7. Nc3 c6 8. Qd3 Re8 9. Rd1 b6 10. e4 Bb7 11. Ne5 Nbd7 12. Nxd7 Qxd7 13. e5 dxc4 14. Qxc4 Nd5 15. Ne4 Rac8 16. Nd6 Rc7 17. Bd2 Rf8 18. Nxb7 Rxb7 19. b4 Qc8 20. Rac1 b5 21. Qb3 Qd7 22. a3 Rc8 1/2-1/2

[Event "SVK-chT1E 1314"]
[Site "Slovakia"]
[Date "2013.12.15"]
[Round "6.6"]
[White "Vacek, Ondrej"]
[Black "Andras, Tomas"]
[Result "1-0"]
[WhiteElo "2119"]
[BlackElo "2065"]
[PlyCount "161"]
[EventDate "2013.10.12"]
[EventType "team-tourn"]
[EventRounds "11"]
[EventCountry "SVK"]
[SourceTitle "EXT 2015"]
[Source "ChessBase"]
[SourceDate "2014.11.20"]
[SourceVersion "1"]
[SourceVersionDate "2014.11.20"]
[SourceQuality "1"]
[WhiteTeam "Banska Bystrica TH"]
[BlackTeam "Kezmarok"]
[WhiteTeamCountry "SVK"]
[BlackTeamCountry "SVK"]

1. Nf3 d5 2. d4 Nf6 3. c4 dxc4 4. e3 a6 5. Bxc4 b5 6. Be2 Bb7 7. 0-0 e6 8. Nbd2 c5 9. dxc5 Bxc5 10. Nb3 Qxd1 11. Rxd1 Bb6 12. Ne5 Nc6 13. Nxc6 Bxc6 14. Bd2 0-0 15. Ba5 Bxa5 16. Nxa5 Bd5 17. f3 e5 18. e4 Be6 19. Nc6 Nd7 20. Rd6 Rfe8 21. Bd1 Kf8 22. Bb3 Bxb3 23. axb3 Nc5 24. b4 Nb7 25. Rd7 Nd8 26. Nxd8 Rexd8 27. Rxa6 Rxd7 28. Rxa8+ Ke7 29. Rb8 Rd1+ 30. Kf2 Rd2+ 31. Kg3 Rxb2 32. Rxb5 Kd6 33. Rb7 Ke6 34. h4 g6 35. b5 h5 36. Rb8 Kf6 37. Kh3 Rb3 38. Kh2 Rb2 39. b6 g5 40. Rh8 gxh4 41. Rxh5 Ke6 42. Rxh4 Rxb6 43. Rh6+ f6 44. g4 Rb2+ 45. Kg3 Rb1 46. Rh5 Ra1 47. Rf5 Rb1 48. Kf2 Rb2+ 49. Ke1 Rb1+ 50. Kd2 Rb2+ 51. Kc3 Rg2 52. Kd3 Rf2 53. Ke3 Rg2 54. Rh5 Kf7 55. Rh7+ Kg6 56. Rh8 Kg7 57. Ra8 Kg6 58. Ra7 Kh6 59. Rf7 Kg6 60. Rd7 Kh6 61. Rd1 Kg6 62. Rh1 Kg5 63. Rh5+ Kg6 64. Kd3 Rf2 65. Rf5 Rg2 66. Kc4 Rd2 67. g5 fxg5 68. Rxe5 Rf2 69. Rf5 Rd2 70. Kc3 Rd8 71. Rd5 Rf8 72. Rd6+ Kg7 73. Rd3 Kf6 74. Kd2 Ke6 75. Ke3 Rg8 76. Rd5 g4 77. f4 g3 78. Rg5 Rxg5 79. fxg5 Kf7 80. e5 Kg6 81. e6 1-0

[Event "SVK-chT2C 1314"]
[Site "Slovakia"]
[Date "2013.11.24"]
[Round "4.2"]
[White "Vacek, Ondrej"]
[Black "Matejov, Jaroslav"]
[Result "1/2-1/2"]
[WhiteElo "2119"]
[BlackElo "2138"]
[PlyCount "85"]
[EventDate "2013.10.19"]
[EventType "team-tourn"]
[EventRounds "11"]
[EventCountry "SVK"]
[SourceTitle "EXT 2015"]
[Source "ChessBase"]
[SourceDate "2014.11.20"]
[SourceVersion "1"]
[SourceVersionDate "2014.11.20"]
[SourceQuality "1"]
[WhiteTeam "Zvolen Slavia"]
[BlackTeam "Zilina DMS"]
[WhiteTeamCountry "SVK"]
[BlackTeamCountry "SVK"]

1. Nf3 d5 2. d4 e6 3. c4 Nf6 4. g3 c5 5. cxd5 exd5 6. Bg2 Nc6 7. 0-0 Be7 8. Nc3 0-0 9. dxc5 Bxc5 10. Na4 Be7 11. Be3 Bg4 12. Rc1 Rc8 13. a3 Qd7 14. Nc5 Bxc5 15. Bxc5 Rfe8 16. Re1 b6 17. Be3 h6 18. Qa4 Bxf3 19. Bxf3 Ne5 20. Qxd7 Nxf3+ 21. exf3 Nxd7 22. Rxc8 Rxc8 23. Rd1 Nf6 24. Bd4 Ne8 25. Be5 f6 26. Bf4 Rd8 27. h4 h5 28. Rd4 Kf7 29. Kf1 g6 30. Ra4 Rd7 31. Bb8 a5 32. b4 axb4 33. Rxb4 Rb7 34. Bf4 Ke6 35. a4 Kd7 36. Be3 Kc6 37. Ke2 Nd6 38. Kd3 Nc4 39. Bd4 f5 40. f4 Kd7 41. Rb1 Ke6 42. Re1+ Kd6 43. Bc3 1/2-1/2

[Event "SVK-chT1E 1314"]
[Site "Slovakia"]
[Date "2013.10.12"]
[Round "1.8"]
[White "Staffen, Richard"]
[Black "Vacek, Ondrej"]
[Result "1-0"]
[WhiteElo "1978"]
[BlackElo "2119"]
[PlyCount "131"]
[EventDate "2013.10.12"]
[EventType "team-tourn"]
[EventRounds "11"]
[EventCountry "SVK"]
[SourceTitle "EXT 2015"]
[Source "ChessBase"]
[SourceDate "2014.11.20"]
[SourceVersion "1"]
[SourceVersionDate "2014.11.20"]
[SourceQuality "1"]
[WhiteTeam "Zilina Mladost"]
[BlackTeam "Banska Bystrica TH"]
[WhiteTeamCountry "SVK"]
[BlackTeamCountry "SVK"]

1. d4 Nf6 2. c4 d6 3. Nc3 Nbd7 4. e4 e5 5. Nf3 Be7 6. Be2 0-0 7. 0-0 c6 8. b3 Qc7 9. Bb2 Re8 10. Qc2 Bf8 11. Rfe1 a5 12. Rad1 g6 13. d5 Nh5 14. dxc6 bxc6 15. Ba3 Nf4 16. Bf1 Nc5 17. g3 Bg4 18. Bg2 Nxg2 19. Kxg2 Ne6 20. Ne2 c5 21. h3 Bxf3+ 22. Kxf3 f5 23. Kg2 Qb7 24. Nc3 Nd4 25. Qd3 Qf7 26. Bc1 f4 27. g4 Bh6 28. f3 Bg5 29. Bb2 Bh4 30. Rh1 Reb8 31. Rd2 Qe7 32. Rhd1 Bg3 33. Nb5 a4 34. Bxd4 exd4 35. b4 Qh4 36. Re2 Qe7 37. a3 Qe5 38. Nc7 Ra7 39. Nd5 h5 40. b5 hxg4 41. hxg4 Rh7 42. Rg1 Rbb7 43. Kf1 Rh3 44. Reg2 Rbh7 45. Qd1 Rf7 46. Ke2 d3+ 47. Qxd3 Qb2+ 48. Qd2 Qxa3 49. Rc1 Rh2 50. Rxh2 Bxh2 51. Rc3 Qa1 52. Qc1 Qa2+ 53. Qc2 Qa1 54. Qc1 Qa2+ 55. Rc2 Qb3 56. Qb2 Bg1 57. Qxb3 axb3 58. Rb2 Ra7 59. Rxb3 Ra2+ 60. Kf1 Ra1+ 61. Kg2 Bd4 62. Nxf4 Rg1+ 63. Kh2 g5 64. Ne2 Ra1 65. Nxd4 cxd4 66. Rd3 1-0

[Event "Banska Bystrica op-B"]
[Site "Banska Bystrica"]
[Date "2013.09.14"]
[Round "3"]
[White "Zambor, Norbert"]
[Black "Vacek, Ondrej"]
[Result "1-0"]
[WhiteElo "2319"]
[BlackElo "2119"]
[PlyCount "103"]
[EventDate "2013.09.13"]
[EventType "swiss (rapid)"]
[EventRounds "9"]
[EventCountry "SVK"]
[SourceTitle "EXT 2014"]
[Source "ChessBase"]
[SourceDate "2013.11.20"]
[SourceVersion "1"]
[SourceVersionDate "2013.11.20"]
[SourceQuality "1"]

1. e4 c6 2. d4 d5 3. e5 Bf5 4. Nc3 a6 5. Be3 Qc7 6. g4 Bd7 7. f4 e6 8. Nf3 h5 9. gxh5 Rxh5 10. Ng5 Rh8 11. Bd3 Nh6 12. Qf3 Nf5 13. 0-0-0 Be7 14. h4 Rh6 15. h5 Nxe3 16. Qxe3 c5 17. dxc5 Bxc5 18. Qg3 Nc6 19. Kb1 Bb4 20. Ne2 Qb6 21. Rdg1 Ba3 22. b3 Nd4 23. Nf3 Nxf3 24. Qxf3 Bf8 25. f5 0-0-0 26. Rg5 Kb8 27. Rhg1 Rc8 28. Nf4 Qd4 29. Ne2 Qxe5 30. fxe6 Qxe6 31. Bf5 Qf6 32. Qg4 Ba3 33. Nd4 Bxf5 34. Rxf5 Qb6 35. Rxf7 Qb4 36. Qxg7 Rb6 37. h6 Re8 38. Rxb7+ Rxb7 39. Nc6+ Ka8 40. Nxb4 Rxg7 41. hxg7 Rg8 42. Nxd5 Bc5 43. Rg6 Bd4 44. Nc7+ Kb7 45. Ne6 Bc3 46. Kc1 a5 47. Kd1 Kc8 48. Ke2 Kd7 49. Kd3 Be5 50. Ke4 Bd6 51. Nd4 Re8+ 52. Kd5 1-0

[Event "SVK-chT1E 1213"]
[Site "Slovakia"]
[Date "2013.03.24"]
[Round "11.5"]
[White "Vacek, Ondrej"]
[Black "Galvanek, Ladislav"]
[Result "1/2-1/2"]
[WhiteElo "2108"]
[BlackElo "2017"]
[PlyCount "136"]
[EventDate "2012.10.20"]
[EventType "team-tourn"]
[EventRounds "11"]
[EventCountry "SVK"]
[SourceTitle "EXT 2015"]
[Source "ChessBase"]
[SourceDate "2014.11.20"]
[SourceVersion "1"]
[SourceVersionDate "2014.11.20"]
[SourceQuality "1"]
[WhiteTeam "Banska Bystrica Junior"]
[BlackTeam "Kysucke Nove Mesto"]
[WhiteTeamCountry "SVK"]
[BlackTeamCountry "SVK"]

1. Nf3 d5 2. d4 Nf6 3. c4 e6 4. g3 Be7 5. Bg2 0-0 6. 0-0 c6 7. Qc2 b6 8. Nbd2 Bb7 9. e4 Nxe4 10. Nxe4 dxe4 11. Qxe4 Nd7 12. Rd1 Nf6 13. Qe2 Rc8 14. Bf4 Bd6 15. Ne5 Qe7 16. Bg5 Qc7 17. Bxf6 gxf6 18. Ng4 Qe7 19. Qf3 f5 20. Ne5 Rfd8 21. b3 Rc7 22. Qe2 Bxe5 23. Qxe5 Rcd7 24. Rd2 Rd6 25. Rad1 R8d7 26. h4 Rd8 27. f4 R6d7 28. Kh2 a5 29. Rd3 Qd6 30. Qf6 Qe7 31. Qe5 Qd6 32. Qe2 Kh8 33. R1d2 Qf8 34. Qe3 Qg7 35. d5 c5 36. d6 Bxg2 37. Kxg2 Qf8 38. Qe5+ Qg7 39. Qe2 Qf8 40. Qe5+ Qg7 41. Qe2 Qf8 42. Qd1 h6 43. Kh2 Kh7 44. Kh3 Kh8 45. Qa1+ Kh7 46. Qe5 Qg7 47. Qe2 Qf8 48. Qd1 Kh8 49. Qe2 Kh7 50. Qd1 Kh8 51. Kg2 Kh7 52. Kf2 Kg6 53. Ke1 h5 54. Kf2 Kh6 55. Qa1 Qg7 56. Qh1 e5 57. fxe5 Qxe5 58. Rd5 Qf6 59. Qf3 Kg6 60. Qd3 Re8 61. Kg2 Re5 62. Rxe5 Qxe5 63. Kh3 Kf6 64. a4 Qe1 65. Kh2 Qe5 66. Kh3 Qe1 67. Kh2 Qe5 68. Kh3 Qe1 1/2-1/2

[Event "SVK-chT2C 1213"]
[Site "Slovakia"]
[Date "2013.02.17"]
[Round "9.2"]
[White "Vacek, Ondrej"]
[Black "Luptak, Pavol"]
[Result "1-0"]
[WhiteElo "2108"]
[BlackElo "2096"]
[PlyCount "61"]
[EventDate "2012.10.13"]
[EventType "team-tourn"]
[EventRounds "11"]
[EventCountry "SVK"]
[SourceTitle "EXT 2015"]
[Source "ChessBase"]
[SourceDate "2014.11.20"]
[SourceVersion "1"]
[SourceVersionDate "2014.11.20"]
[SourceQuality "1"]
[WhiteTeam "Zvolen Slavia"]
[BlackTeam "Banska Bystrica Kurta"]
[WhiteTeamCountry "SVK"]
[BlackTeamCountry "SVK"]

1. Nf3 b6 2. g3 Bb7 3. Bg2 e6 4. c4 Nf6 5. 0-0 Be7 6. Nc3 0-0 7. Re1 d5 8. cxd5 exd5 9. d4 Nbd7 10. Bf4 c6 11. Ne5 Re8 12. Rc1 Nf8 13. a3 Ne6 14. Qd2 Rc8 15. Red1 Bd6 16. Bg5 Nxg5 17. Qxg5 h6 18. Qf5 Rc7 19. Nf3 Ne4 20. Ne5 Bc8 21. Qf3 Nxc3 22. Qxc3 Qf6 23. f4 c5 24. Bxd5 cxd4 25. Qb3 Bxe5 26. fxe5 Qxe5 27. Rxc7 Qxc7 28. Bf3 Qc5 29. Kg2 Ba6 30. Qa4 Rd8 31. Qxa6 1-0

[Event "SVK-chT2C 1213"]
[Site "Slovakia"]
[Date "2012.12.16"]
[Round "6.2"]
[White "Veis, Tomas"]
[Black "Vacek, Ondrej"]
[Result "1/2-1/2"]
[WhiteElo "1864"]
[BlackElo "2108"]
[PlyCount "45"]
[EventDate "2012.10.13"]
[EventType "team-tourn"]
[EventRounds "11"]
[EventCountry "SVK"]
[SourceTitle "EXT 2015"]
[Source "ChessBase"]
[SourceDate "2014.11.20"]
[SourceVersion "1"]
[SourceVersionDate "2014.11.20"]
[SourceQuality "1"]
[WhiteTeam "Detva Garde"]
[BlackTeam "Zvolen Slavia"]
[WhiteTeamCountry "SVK"]
[BlackTeamCountry "SVK"]

1. c4 e5 2. Nc3 Nf6 3. g3 d5 4. cxd5 Nxd5 5. Bg2 Nb6 6. Nf3 Nc6 7. a3 a5 8. d3 Be7 9. Be3 0-0 10. 0-0 Be6 11. Ne4 a4 12. Nfd2 Nd4 13. Bxd4 exd4 14. Rc1 Nd7 15. b4 axb3 16. Nxb3 Bxa3 17. Rb1 Bxb3 18. Qxb3 Nc5 19. Nxc5 Bxc5 20. Qxb7 Rb8 21. Qxb8 Qxb8 22. Rxb8 Rxb8 23. Rc1 1/2-1/2